000 00522cam a2200181 4500
001 15404
005 20230410115443.0
008 060907n2002 dr spa
020 _a9681660269
035 _9funglode15531
041 _aES
050 1 4 _aHD 6957 T776 2000
245 0 _aTratado latinoamericano de sociología del trabajjo /
_ccoordinador Enrique de la Garza Toledo
260 _aMéxico :
_bEl Colegio de México,
_c2002
300 _a796 p.
700 _ade la Garza Toledo, Enrique
942 _2lcc
_cbk
999 _c41504
_d41504